Về một mảng văn học dân tộc
Gardado en:
| Autor Principal: | |
|---|---|
| Formato: | Libro |
| Idioma: | Undetermined |
| Publicado: |
Hà Nội
Văn Hóa Dân Tộc
1999
|
| Những chủ đề: | |
| Các nhãn: |
Engadir etiqueta
Sen Etiquetas, Sexa o primeiro en etiquetar este rexistro!
|
| Thư viện lưu trữ: | Trung tâm Học liệu Trường Đại học Cần Thơ |
|---|
| LEADER | 00559nam a2200193Ia 4500 | ||
|---|---|---|---|
| 001 | CTU_36505 | ||
| 008 | 210402s9999 xx 000 0 und d | ||
| 020 | |b 16.000đ | ||
| 082 | |a 809 | ||
| 082 | |b T305 | ||
| 100 | |a Lâm Tiến | ||
| 245 | 0 | |a Về một mảng văn học dân tộc | |
| 245 | 0 | |c Lâm Tiến | |
| 260 | |a Hà Nội | ||
| 260 | |b Văn Hóa Dân Tộc | ||
| 260 | |c 1999 | ||
| 650 | |a vietnamese literature - history and criticism | ||
| 904 | |i Minh, 000508 | ||
| 980 | |a Trung tâm Học liệu Trường Đại học Cần Thơ | ||